Les Meilleurs buteurs de la Serie A 2019-2020 - Statistiques

Statistiques générales
  • Ce quiz a été pris 32 fois
  • Le résultat moyen est 6 sur 10
Statistiques - réponses
Buts Nationalité Club Joueur % Correct
36 Italie SS Lazio Ciro Immobile
100%
31 Portugal Juventus FC Cristiano Ronaldo
97%
23 Belgique Inter Milan Romelu Lukaku
97%
16 Bosnie-Herzégovine AS Rome Edin Džeko
87%
15 Slovénie Atalanta Josip Iličić
71%
18 Colombie Atalanta Duván Zapata
61%
16 Italie Torino FC Andrea Belotti
58%
18 Brésil Cagliari Calcio João Pedro
32%
18 Slovénie Atalanta Luis Muriel
26%
21 Italie US Sassuolo Francesco Caputo
10%
Aucun quiz correspondant
Distribution des résultats
% des personnes avec chaque résultat
Percentile par nombre de réponses
Votre historique - résultats
Vous n’avez pas pris ce quiz